00678nam a22001097a 4500008004100000100002000041245012700061260003700188300003200225520027400257773003700531240830b ||||| |||| 00| 0 eng d aBetts, Julian  aDomina, Thurston; Andrew M. Penner, and Emily K. Penner. Schooled and sorted: How educational categories create inequality aJournal of Economic Literature  a62(2), Jun, 2024: p.807-809 aBetts, Julian. 2024. "Domina, Thurston; Andrew M. Penner, and Emily K. Penner. Schooled and Sorted: How Educational Categories Create Inequality." Journal of Economic Literature, 62 (2): 807–09.- Reproduced https://www.aeaweb.org/articles?id=10.1257/jel.62.2.807.  aJournal of Economic Literature